Language, Throught and Reality

Guardat en:
Dades bibliogràfiques
Autor principal: Whorf, Benjamin Lee
Format: Llibre
Idioma:Undetermined
Publicat: New York, Estados Unidos John Wiley and Sons 1962
Edició:5
Matèries:
Etiquetes: Afegir etiqueta
Sense etiquetes, Sigues el primer a etiquetar aquest registre!

MARC

LEADER 00000nam a2200000Ia 4500
008 170316s9999 xx 000 0 und d
040 |a cru BVZT 
090 |a 410 W-8L 
100 |a Whorf, Benjamin Lee 
245 |a Language, Throught and Reality 
250 |a 5 
260 |a New York, Estados Unidos 
260 |b John Wiley and Sons 
260 |c 1962 
300 |a 278 páginas 
650 |a LINGÜÍSTICA 
999 |c 3426  |d 3426 
942 |c 15 D  |h 410 W-8L  |2 z